| Поле | Название | Значение |
| |
Тип записи |
a |
| |
Библиографический уровень |
m |
| 001 |
Контрольный номер |
625332ba5e0a4091b971790cd0c9a3e3 |
| 005 |
Дата корректировки |
20201106152030.3 |
| 010 |
Индекс ISBN |
__ |
| a |
ISBN |
978-5-4461-1302-6 |
| d |
Цена |
140,00 |
| 101 |
Язык документа |
0_ |
| a |
Язык текста |
rus |
| 102 |
Страна публикации |
__ |
| a |
Страна публикации |
RU |
| 200 |
Заглавие и сведения об ответственности |
1_ |
| a |
Заглавие |
Бухгалтерский учет за 10 дней. Обновленное издание. |
| b |
Общее обозначение материала |
Текст |
| e |
Сведения, относящиеся к заглавию |
Пособие |
| f |
Первые сведения об ответственности |
Гартвич А. |
| 210 |
Выходные данные |
1_ |
| a |
Место издания |
СПб |
| c |
Издательство |
Питер |
| d |
Дата издания |
2019 |
| 215 |
Физическое описание |
__ |
| a |
Объем |
176 с. |
| c |
Иллюстрации/тип воспроизводства |
ил. |
| 225 |
Серия |
2_ |
| a |
Серия |
Бухгалтеру и аудитору |
| 610 |
Ключевые слова |
0_ |
| a |
Ключевые слова |
Бухгалтерский учет |
| a |
Ключевые слова |
бухгалтерские счета |
| a |
Ключевые слова |
активы и пассивы |
| a |
Ключевые слова |
двойная бухгалтерия |
| 686 |
Индексы других классификаций |
__ |
| a |
Классификационный индекс |
65.052 |
| 700 |
Автор |
_1 |
| a |
Фамилия |
Гартвич А. |
| 801 |
Источник записи |
_0 |
| a |
Страна |
RU |
| b |
Организация |
РУК |
| g |
Правила каталогизации |
PSBO |
| 801 |
Источник записи |
_1 |
| a |
Страна |
RU |
| b |
Организация |
РУК |
| g |
Правила каталогизации |
PSBO |
| 852 |
Данные о местонахождении |
__ |
| i |
Авторский знак |
Г 21 |
| j |
Шифр хранения |
65.052 |
| 901 |
Тип документа |
__ |
| t |
Тип документа |
m |
| 937 |
Технологическая информация |
__ |
| a |
Создатель записи (имя) |
Носкова |
| 938 |
Служебная информация |
__ |
| a |
Название организации |
Саранский филиал |
| 952 |
Тип литературы |
__ |
| c |
Вид литературы |
учебное пособие |